000 01412cam a2200265 4500
001 ABS64589
008 011002n2001 000 0 eng u
035 _a(Sirsi) u114948
245 _aInconsistencies in revised PPG17 on sport
260 _c2001
490 _aPlanning (for the Natural and Built Environment)
_v(1438) 28 September 2001, 22(1)
520 _aDetails the main responses of the Royal Town Planning Institute (RTPI) to the draft revision of PPG 17: "Sport, open space and recreation". Overall the RTPI welcomes the consultation on the draft, which it feels rightly stresses the importance of locating facilities on sites that are accessible other than by car. However, it is also critical of a number of aspects of the draft revision. For instance, it feels that the draft PPG needs to be more consistent in referring to formal and informal facilities, which range tremendously in scale and importance. The RTPI's full response can be obtained from: Phillippa Millbrook, Public Affairs. Email: [email protected]
590 _aABS
650 _aROYAL TOWN PLANNING INSTITUTE
650 _aPPG17
650 _aDRAFT
650 _aREVISION
650 _aCONSULTATION
650 _aSPORTS FACILITIES
650 _aRECREATION
650 _aOPEN SPACES
650 _aLEISURE
690 _aENVIRONMENTAL AND LAND CONSULTANCY-PLANNING AND DEVELOPMENT
942 _n0
999 _c68438
_d68438